02700nam a2200253 a 4500003000900000005001700009007000300026008004100029040002500070041000800095082001400103110008100117245018600198260003800384300004500422505172400467650005302191651006602244700002702310700002802337700002502365700002902390700002702419DO-SdBNP20221020151950.0ta220927t2006 dr aco|gr||||o001 s eng d aDO-SdBNPbspacBNPHU heng 4222bR426c1 aPresidencia de la RepúblicacComisión Permanente de Efemérides Patrias10aCompendium of speeches information y communication tecnology (ICT and devolopment). /cCompilador Amparo Arango, John R. Gagain; Traductor Katia Rojas, Vivian Sundset, Yumari Torres aSanto Domingo :b(COPDES),c2006. a[47] p. :bil., fotogr., retr. ;c22 cm. aMensage to the Inaugral Meeting of the U.N. Global Aliance for ICTs and Developmen.gSpeeches.tKeynote Adres, Opening Ceremony of the 36th Session of the General Asembly of the Organization of American States - OAS (Santo Domingo, Domincn Republic) 4 june 2006.--tKeynote Speech on Inflrmation and Commnunication Technology for Development & National Strategie and the Milenium Development Goals, Global Roundtable Forum on Innovation and Investiment: Scaling Science and Technology to Meet the Milienium Denvelopment Goals, Sponsored by the U.N. Milenium Project, U.N. ICT Task Force, and U:N: fund for International Partnerships (U.N. Word Sumnit, U:N: Headquarters) 13 September 2005tKeynote Speech, ITC as an Enabler for Growth, Developmen and Competitiiveness; Implication for National and International polices and actions / Partnership for Development: Information adn Knowledge for Development, UNCTAD XI (Sao Paulo, Brasil) 16 june 2004.--tWord Summnit on the Information Society - First Phase: Geneva 2003 Roundtable 3: ICT as a toll to achieve the Milennium Development Goals. 11 December 2003.--gHonorable Dr. Margarita Cedeño de Fernández, Fist Lady of the Dominican Republic:tIn repesentation of H.E. Dr. Leonel Fernández President of the Dominican Republic, Head of Delegation to the World Summit on the Information Society (WSIS), Tunis, U:N: DESA High - Level Round Table on "Putting ICTs to work for the United Nations, Development Agenda, Including the Milennium DEvelopmen Goals" (Tunisia, Africa) 17 November 2005.--tIn represntation of H.E. Dr. Leonel Fernández, President of the Domincan Republic, Launch of the Degital Solidarity Fund - DSF (Genova, Switzerland,) 14 March 2005. 4aDiscursos presidencialeszRepública Dominicana 4aRepública DominicanaxDiscursos parlamentariosy2003 - 20061 aArango, Amparo,ecomp.1 aGagain, John R.,ecomp.1 aRojas, Katia,etrad.1 aSundset, Vivian, etrad.1 aTorres, Yumari,etrad.